One Piece: personnages saga Alabasta - Statistiques

Statistiques générales
  • Ce quiz a été pris 645 fois
    630 depuis la dernière actualisation
  • Le résultat moyen est 33 sur 52
Statistiques - réponses
Hint Réponse % Correct
Capitaine de l'équipage du chapeau de paille Monkey D Luffy
100%
Navigatrice de l'équipage du chapeau de paille Nami
99%
Combattants de l'équipage du chapeau de paille Roronoa Zoro
99%
Médecin de l'équipage du chapeau de paille Tony Tony Chopper
98%
Tireur de l'équipage du chapeau de paille Usopp
98%
Cuisinier de l'équipage du chapeau de paille Vinsmoke Sanji
98%
Princesse du Royaume d'Alabasta Nefertari Vivi
97%
Boss de Baroque Works Crocodile
90%
Second de Baroque Works Nico Robin
89%
Agent spécial de Baroque Works Mr 2 Bonclay
87%
Agent spécial de Baroque Works Mr 5
87%
Agent spécial de Baroque Works Mr 1
86%
Agent spécial de Baroque Works Mr 3
86%
Agent spécial de Baroque Works Mr 4
84%
Second de l'équipage de Barbe Blanche Ace aux poings ardents
83%
Baleine géante du cap des jumeaux Laboon
83%
Contre amiral de la marine Smoker
81%
Roi du Royaume Alabasta Nefertari Cobra
78%
Roi du Royaume de Drum Wapol
77%
Combattant du Royaume Alabasta Pell
76%
Mentor et Médecin Hiluluk
73%
Agent de Baroque Works sur Alabasta Mr 7
73%
Gardien du cap des jumeaux Crocus
72%
Agent de Baroque Works sur Whisky peak Mr 9
72%
Géant d'Erbaf Broggy
71%
Géant d'Erbaf Dorry
70%
Colonel de la marine Tashigi
69%
Animal de compagnie de la princesse Kaloo
68%
Conseiller du Royaume d'Alabasta Igaram
66%
Médecin du Royaume des cerisiers en fleurs Kureha
63%
Agent spécial de Baroque Works Miss Merrychristmas
63%
Agent spécial de Baroque Works Miss Valentine
63%
Agent de Baroque Works capturé par la Marine Mr 11
63%
Agent spécial de Baroque Works Miss Doublefinger
60%
Agent de Baroque Works sur Whisky peak Miss Monday
59%
Combattant du Royaume Alabasta Chaka
58%
Agent messager de Baroque Works Mr 13
58%
Agent spécial de Baroque Works Miss Goldenweek
57%
Roi du Royaume des cerisiers en fleurs Dalton
53%
Agent messager de Baroque Works Miss Friday
45%
Père du chef des rebels Toto
40%
Agent de Baroque Works sur Alabasta Miss Father's day
34%
Fusil de Baroque Works ayant mangé un fruit du démon Lassou
33%
Combattant du Royaume de Drum Chess
30%
Chameau rencontré au Royaume d'Alabasta Long cils
30%
Chef des rebel du Royaume d'Alabasta Khoza
26%
Combattant du Royaume de Drum Kuromarimo
21%
Cuisinière du Royaume d'Alabasta Terracotta
18%
Hippopotame du roi Robson
9%
Enfant chasseur de prime sur Whisky peak Mr Beans
7%
Rebel du Royaume d'Alabasta Farafra
6%
Habitante du Royaume des cerisiers en fleurs Negikuma maria
5%
Aucun quiz correspondant
Distribution des résultats
% des personnes avec chaque résultat
Percentile par nombre de réponses
Votre historique - résultats
Vous n’avez pas pris ce quiz depuis la dernière actualisation